| 000 | 00492nam a2200193 i 4500 | ||
|---|---|---|---|
| 001 | bg | ||
| 100 | 1 | _aENGELKING, Ryszard | |
| 245 | 0 |
_aTopologia ogólna / _cRyszard Engelking. |
|
| 260 |
_aWarszawa, _c1976. |
||
| 490 | 1 |
_aBiblioteka Matematyczna ; _vt.47 |
|
| 650 | 9 | _aTopologia | |
| 655 | _aPodręczniki akademickie | ||
| 830 | _aBiblioteka Matematyczna ; | ||
| 040 | _cBPK | ||
| 041 | _apol | ||
| 080 | _a515.1(075.8) | ||
| 942 | _cKS | ||
| 008 | s pl f |000 0 pol | ||
| 999 |
_c27492 _d27492 |
||
| 856 |
_uhttp://koha.tu.koszalin.pl/cgi-bin/koha/opac-detail.pl?biblionumber=27492 _yKatalog online BPK |
||